| 000 -CABECERA |
| Longitud fija campo de control |
00920cam a2200265 a 4500 |
| 003 - IDENTIFICADOR DEL NÚMERO DE CONTROL |
| Identificador del número de control |
CDMR |
| 005 - FECHA Y HORA DE LA ÚLTIMA TRANSACCIÓN |
| Fecha y hora de la última transacción |
20140415174142.0 |
| 008 - CÓDIGOS DE INFORMACIÓN DE LONGITUD FIJA |
| Códigos de información de longitud fija |
140321s2014 spca||||||||||0|1 0acat|d |
| 017 ## - NÚMERO DE COPYRIGHT O DE DEPÓSITO LEGAL |
| Número de copyright o de depósito legal |
DL B. 4106-2014 |
| 020 ## - NÚMERO INTERNACIONAL NORMALIZADO PARA LIBROS |
| Número Internacional Normalizado para Libros (ISBN) |
9788415695998 |
| 040 ## - FUENTE DE LA CATALOGACIÓN |
| Lengua de catalogación |
cat |
| Centro transcriptor |
CDMR |
| 100 1# - PUNTO DE ACCESO PRINCIPAL-NOMBRE DE PERSONA |
| Nombre de persona |
Sellarès, Miquel, |
| Fechas asociadas al nombre |
1946- |
| 245 10 - MENCIÓN DE TÍTULO |
| Título |
Construint un estat nou |
| Resto del título |
: memòries polítiques |
| Mención de responsabilidad, etc. |
Miquel Sellarès ; amb la col·laboració de Marina Llansana ; pròleg de Joan B. Culla |
| 260 ## - PUBLICACIÓN, DISTRIBUCIÓN, ETC. (PIE DE IMPRENTA) |
| Lugar de publicación, distribución, etc. |
Barcelona : |
| Nombre del editor, distribuidor, etc. |
Angle Editorial, |
| Fecha de publicación, distribución, etc. |
2014 |
| 300 ## - DESCRIPCIÓN FÍSICA |
| Extensión |
368 p., [8] p. de làm. : |
| Otras características físicas |
il. ; |
| Dimensiones |
23 cm |
| 490 1# - MENCIÓN DE SERIE |
| Mención de serie |
El Fil d'Ariadna ; |
| Designación de volumen o secuencia |
73 |
| 504 ## - NOTA DE BIBLIOGRAFÍA, ETC |
| Nota de bibliografía, etc. |
Índex |
| 600 14 - PUNTO DE ACCESO ADICIONAL DE MATERIA - NOMBRE DE PERSONA |
| Nombre de persona |
Sellarès, Miquel, |
| Fechas asociadas al nombre |
1946- |
| Fuente de encabezamiento o te&ecute,rmino |
lemac |
| 650 #4 - PUNTO DE ACCESO ADICIONAL DE MATERIA - TÉRMINO DE MATERIA |
| Término de materia o nombre geográfico como elemento inicial |
Polítics |
| Subdivisión geográfica |
Catalunya |
| Subdivisión de materia general |
Biografia |
| Subdivisión cronológica |
S. XX |
| 651 #4 - PUNTO DE ACCESO ADICIONAL DE MATERIA - NOMBRE GEOGRÁFICO |
| Nombre geográfico |
Catalunya |
| Subdivisión de materia general |
Política i govern |
| Subdivisión cronológica |
S. XX |
| 700 1# - PUNTO DE ACCESO ADICIONAL - NOMBRE DE PERSONA |
| Nombre de persona |
Culla, Joan B. |
| Forma desarrollada del nombre |
(Joan Baptista) |
| 9 (RLIN) |
1642 |
| 700 1# - PUNTO DE ACCESO ADICIONAL - NOMBRE DE PERSONA |
| Nombre de persona |
Oliveres, Arcadi, |
| Fechas asociadas al nombre |
1945- |
| 700 1# - PUNTO DE ACCESO ADICIONAL - NOMBRE DE PERSONA |
| Nombre de persona |
Torralba, Silvia, |
| Fechas asociadas al nombre |
1978- |
| 942 ## - ENTRADA DE ELEMENTOS AGREGADOS (KOHA) |
| Koha [por defecto] tipo de item |
Monografies |